Państwa w których żyje najwięcej Rosjan - Statystyki

Ogólne statystyki
  • Ten quiz został rozwiązany 103 razy
  • Średni wynik to 15 z 20
Statystyki odpowiedzi
Lp. Liczba Rosjan Odpowiedź % Poprawnych
4. 3 072 756 Stany Zjednoczone
100%
3. 7 170 000 Ukraina
98%
1. 135 000 000 Rosja
97%
9. 706 992 Białoruś
96%
5. 2 983 317 Kazachstan
96%
10. 622 445 Kanada
89%
2. 7 500 000 Niemcy
89%
11. 500 000 Francja
83%
14. 315 252 Estonia
81%
12. 454 350 Łotwa
81%
18. 129 797 Litwa
74%
8. 720 324 Uzbekistan
70%
19. 120 459 Włochy
69%
13. 352 960 Kirgistan
67%
6. 1 835 000 Brazylia
66%
17. 150 000 Turkmenistan
64%
15. 300 000 Argentyna
58%
16. 201 218 Mołdawia
55%
20. 119 300 Azerbejdżan
48%
7. 938 500 Izrael
27%
Nie znaleziono quizów pasujących do podanych kryteriów
Rozkład punktacji
Procent ludzi z każdym wynikiem
Percentyl według liczby udzielonych odpowiedzi
Twoja historia wyników
Nie rozwiązałeś tego quizu